Vista normal
Vista MARC
Entrada Nombre corporativo
Número de registros utilizados en: 3
001 - NÚMERO DE CONTROL
- Campo de control: 39219
003 - IDENTIFICADOR DE NÚMERO DE CONTROL
- Campo de control: ES-MaCES
005 - FECHA Y HORA DE LA ULTIMA MODIFICACION
- Campo de control: 20190510104904.0
008 - ELEMENTOS DE DATOS DE LONGITUD FIJA
- Campo de longitud fija: 180726|| azz||aabn | a|a d
040 ## - FUENTE DE LA CATALOGACIÓN
- Agencia original de catalogación: ES-MaCES
110 2# - ENCABEZAMIENTO--NOMBRE CORPORATIVO
- Nombre corporativo o de jurisdicción como elemento de entrada: Observatorio DESC
410 ## - TRAZADO VEÁSE--NOMBRE CORPORATIVO
- Nombre corporativo o de jurisdicción como elemento de entrada: Observatorio DESC
- Unidad subordinada: Derechos económicos, sociales y culturales
410 ## - TRAZADO VEÁSE--NOMBRE CORPORATIVO
- Nombre corporativo o de jurisdicción como elemento de entrada: Observatori DESC
- Unidad subordinada: Drets Econòmics Socials i Culturals
670 ## - FUENTE DE DATOS ENCONTRADOS
- Fuente de citación: www.observatoridesc.org
- Información encontrada: El Observatorio DESC es una plataforma de entidades y personas creada en 1998 con el objetivo de mostrar que tanto los derechos civiles y políticos- derecho a la libertad de expresión, a la vida, al voto, etc- como los derechos económicos, sociales, culturales y ambientales - derecho a la vivienda, al trabajo, a la educación, a la salud, a la alimentación - son derechos fundamentales de todas las personas.

